| 000 -LEADER |
| fixed length control field |
01856cam a22003134a 4500 |
| 001 - CONTROL NUMBER |
| control field |
15289862 |
| 005 - DATE AND TIME OF LATEST TRANSACTION |
| control field |
20200220121935.0 |
| 008 - FIXED-LENGTH DATA ELEMENTS--GENERAL INFORMATION |
| fixed length control field |
080506s2009 maua b 001 0 eng |
| 010 ## - LIBRARY OF CONGRESS CONTROL NUMBER |
| LC control number |
2008020401 |
| 020 ## - INTERNATIONAL STANDARD BOOK NUMBER |
| International Standard Book Number |
9780073525648 (hbk. : alk. paper) |
| 020 ## - INTERNATIONAL STANDARD BOOK NUMBER |
| International Standard Book Number |
0073525642 (hbk. : alk. paper) |
| 040 ## - CATALOGING SOURCE |
| Original cataloging agency |
DLC |
| Transcribing agency |
DLC |
| Modifying agency |
DLC |
| 050 00 - LIBRARY OF CONGRESS CALL NUMBER |
| Classification number |
QP34.5 |
| Item number |
.F68 2009 |
| 080 ## - UNIVERSAL DECIMAL CLASSIFICATION NUMBER |
| Universal Decimal Classification number |
612 F-83 |
| 082 00 - DEWEY DECIMAL CLASSIFICATION NUMBER |
| Classification number |
612 |
| Edition number |
22 |
| 100 1# - MAIN ENTRY--PERSONAL NAME |
| Personal name |
Fox, Stuart Ira. |
| 9 (RLIN) |
7231 |
| 245 10 - TITLE STATEMENT |
| Title |
Human physiology / |
| Statement of responsibility, etc. |
Stuart Ira Fox. |
| 250 ## - EDITION STATEMENT |
| Edition statement |
11th ed. |
| 260 ## - PUBLICATION, DISTRIBUTION, ETC. |
| Place of publication, distribution, etc. |
Boston : |
| Name of publisher, distributor, etc. |
McGraw-Hill Higher Education, |
| Date of publication, distribution, etc. |
c2009. |
| 300 ## - PHYSICAL DESCRIPTION |
| Extent |
xxiii, 808 p. : |
| Other physical details |
ill. (chiefly col.) ; |
| Dimensions |
29 cm. |
| 504 ## - BIBLIOGRAPHY, ETC. NOTE |
| Bibliography, etc. note |
Includes bibliographical references (p. 771) and index. |
| 505 0# - FORMATTED CONTENTS NOTE |
| Formatted contents note |
The study of body function -- Chemical composition of the body -- Cell structure and genetic control -- Enzymes and energy -- Cell respiration and metabolism -- Interactions between cells and the extracellular environment -- The nervous system : neurons and synapses -- The central nervous system -- The autonomic nervous system -- Sensory physiology -- Endocrine glands : secretion and action of hormones -- Muscle : mechanisms of contraction and neural control -- Blood, heart, and circulation -- Cardiac output, blood flow, andb lood pressure -- The immune system -- Respiratory physiology -- Physiology of the kidneys -- The digestive system -- Regulation of metabolism -- Reproduction. |
| 650 #0 - SUBJECT ADDED ENTRY--TOPICAL TERM |
| Topical term or geographic name entry element |
Human physiology |
| Form subdivision |
Textbooks. |
| 9 (RLIN) |
7232 |
| 653 ## - INDEX TERM--UNCONTROLLED |
| keyword |
ადამიანის ფსიქოლოგია |
| 856 41 - ELECTRONIC LOCATION AND ACCESS |
| Materials specified |
Table of contents only |
| Uniform Resource Identifier |
http://www.loc.gov/catdir/toc/ecip0818/2008020401.html |
| 906 ## - LOCAL DATA ELEMENT F, LDF (RLIN) |
| a |
7 |
| b |
cbc |
| c |
orignew |
| d |
1 |
| e |
ecip |
| f |
20 |
| g |
y-gencatlg |
| 942 ## - ADDED ENTRY ELEMENTS (KOHA) |
| Source of classification or shelving scheme |
|
| Koha item type |
წიგნი |